000 00473nam a2200181Ia 4500
005 20250923144349.0
008 008 250917s9999 xx 000 0 eng d
037 _aTextual
040 _aDSWL
_beng
_cDSWL
041 _aeng
_2eng
084 _aX, F5
_qDSWL
100 _aMukerjee, R.K
_9824125
245 0 _aBorderlands of economocs
_cby R.K Mukerjee
260 _c1925
300 _a286 p.
942 _cTEXL
_hX, F5
999 _c1437936
_d1437936